Biblioteca

Medellín es así : Crónicas y reportajes (Registro nro. 40688)

Detalles MARC
000 -LÍDER
Campo fijo de descripción fija 01406aam a2200265 i 4500
001 - NÚMERO DE CONTROL
Campo de control 768714001
003 - IDENTIFICADOR DEL NÚMERO DE CONTROL
Campo de control CO-MdFUSB
005 - FECHA Y HORA DE LA ULTIMA TRANSACCIÓN
control field 20190125194653.0
008 - ELEMENTOS DE LONGITUD FIJA -- INFORMACIÓN GENERAL
Campo fijo de descripción fija -- Información general 190125b2016 ck ||||| |||| 00| 0 spa d
020 ## - NÚMERO INTERNACIONAL NORMALIZADO PARA LIBROS
Número Internacional Normalizado del libro 9789588951980
040 ## - FUENTE DE CATALOGACIÓN
Agencia de catalogación original CO-MdFUSB
Idioma de catalogación spa
Agencia que realiza la transcripción CO-MdFUSB
Agencia que realiza la modificación CO-MdFUSBC
Convenciones de la descripción rda
041 0# - CÓDIGO DE IDIOMA
Código de idioma para texto/pista de sonido o título separado ara
082 04 - NÚMERO DE CLASIFICACIÓN DECIMAL DEWEY
Número de clasificación 918.612
Número de la edición del Dewey 22
Clave de autor-Numero de item A697m
100 1# - ASIENTO PRINCIPAL--NOMBRE PERSONAL
Nombre personal Aricapa, Ricardo
Término relacionador autor
245 10 - TÍTULO
Título del Material Medellín es así : Crónicas y reportajes
Mención de responsabilidad, etc. / Ricardo Aricapa
264 ## - PRODUCCIÓN, PUBLICACIÓN, DISTRIBUCIÓN, MANUFACTURA, Y COPYRIGHT
Lugar de producción, publicación, distribución, manufactura Medellín, Colombia :
Nombre del productor, publicador, distribuidor Ediciones B,
Fecha de producción, publicación, distribución, manufactura, o copyright 2016
300 ## - DESCRIPCIÓN FÍSICA
Extensión 311 Páginas
Dimensiones ; 23 cm.
336 ## - TIPO DE CONTENIDO
Fuente rdacontent
Término de tipo de contenido texto
Código de tipo de contenido txt
337 ## - TIPO DE MEDIO
Fuente rdamedia
Nombre del tipo de medio sin mediación
Código del tipo de medio n
338 ## - TIPO DE SOPORTE
Fuente rdacarrier
Nombre del tipo de soporte volumen
Código Tipo de soporte nc
505 ## - NOTA DE CONTENIDO
Nota de contenido con formato preestablecido Las mujeres de Pablo García. -- La historia de Edilma -- El discreto encanto del strip-tease. -- La nostalgia de la Lovaina. -- La casa de la Chama. -- Del Chocó a una casa de ricos. -- Una reina de salario mínimo -- La ciudad de los muertos -- El corazón de Medellín -- Donde se compra desde un armadillo. -- La real academia del parlache. -- Cuando juega el poderoso -- Siguen sonando serenatas. -- Cuando los sicarios profanaron la eucaristía. -- El hijo mayor del río Medellín. -- Los gitanos de Santa María -- Vendedores de rosas nocturnas. -- La tragedia de Villatina vivida por dos payasos.
563 ## - NOTA DE ENCUADERNACIÓN
Nota de encuadernación Rústico
651 #7 - ASIENTO SECUNDARIO DE MATERIA - NOMBRE GEOGRAFICO
Nombre geográfico Medellín (Antioquia : Colombia)
Subdivisión general Ensayo periodístico.
942 ## - TIPO DE MATERIAL (KOHA)
Tipo de Item KOHA Libros General
Existencias
Estado de Material Estado de Perdido Forma de Clasificación Estado de Dañado No para Préstamo Colección Tomo Biblioteca de Origen Biblioteca Permanente Fecha de Adquisición Total de Préstamos Total de Renovaciones Signatura Topográfica Código de Barras Última vez visto Última vez Préstado Ejemplar/Existencia Fecha de Remplazo Tipo de Material
    Dewey Decimal Classification     Colección General   Biblioteca FUSBC Biblioteca FUSBC 27/01/2005 4 4 G 918.612 A697m 5 17/03/2026 20/09/2024 Ej. 1 26/01/2016 Libros General

Biblioteca FUSBC | Teléfono: (57+4) 349 88 10 Ext. 141| WhatsApp (+57) 3005338115 
E-mail: biblioteca@unisbc.edu.co | Calle 76 87-14 Robledo Palenque, Medellín, Colombia

Con tecnología Koha